| 000 | 00966nam a2200241 a 4500 | ||
|---|---|---|---|
| 001 | 000010217 | ||
| 005 | 20240412074216.0 | ||
| 008 | 091005s1994 dr 001 p spa d | ||
| 040 |
_aDO-SdBNP _bspa _cBNPHU |
||
| 082 |
_aRD861.44 _bH557co |
||
| 100 |
_aHernández Rueda, Lupo, _d1930-2017 _923790 |
||
| 245 | 1 | 0 |
_aComo naciendo aún (1953-1993) / _cLupo Hernández Rueda; prólogo Antonio Fernández Spencer. |
| 260 |
_aSanto Domingo : _bDepartamento de Cultura y Publicaciones, Universidad Interamericana (UNICA), _c1994. |
||
| 300 |
_a368 p. ; _c23 cm. |
||
| 490 | 1 |
_aAutores dominicanos contemporáneos _v1 |
|
| 590 | _aInventariado, 2018/LP | ||
| 600 | 1 | 0 |
_aHernández Rueda, Lupo, _d1930 -2017 _925215 |
| 650 | 0 |
_aPoesía dominicana _966 |
|
| 650 | 0 |
_aLiteratura dominicana. _967 |
|
| 700 | 1 |
_aFernández Spencer, Antonio, _d1922-1995 _epról. _922525 |
|
| 830 | 0 |
_aAutores dominicanos contemporáneos ; _n1 _925216 |
|
| 910 | _aValidado. Control de calidad BNPHU | ||
| 999 |
_c9976 _d9976 |
||